[Event "San Francisco TNM Fall op"]
[Site "San Francisco"]
[Date "2014.12.02"]
[Round "6"]
[White "Sahin, Ozgur D"]
[Black "Xu, Linmiao"]
[Result "1-0"]
[WhiteElo "1969"]
[BlackElo "1424"]
[PlyCount "101"]
[EventDate "2014.10.21"]
[EventType "swiss"]
[EventRounds "8"]
[EventCountry "USA"]
[SourceTitle "EXT 2016"]
[Source "ChessBase"]
[SourceDate "2015.10.08"]
[SourceVersion "1"]
[SourceVersionDate "2015.10.08"]
[SourceQuality "1"]

1. d4 Nf6 2. c4 c5 3. d5 b5 4. cxb5 a6 5. bxa6 Bxa6 6. Nc3 d6 7. g3 Nbd7 8. Bg2 g6 9. Nf3 Bg7 10. 0-0 0-0 11. Re1 Qa5 12. e4 Rfb8 13. Qc2 Nb6 14. Rb1 Nfd7 15. a3 Nc4 16. Bd2 Nxd2 17. Nxd2 Ne5 18. Bf1 Bxf1 19. Kxf1 Rb7 20. Kg2 Rab8 21. f4 Nd7 22. Nc4 Qa6 23. b3 Nb6 24. Nxb6 Rxb6 25. a4 Bxc3 26. Qxc3 Qb7 27. Re3 Rb4 28. Ra1 f5 29. Qd3 Rd4 30. Qc2 fxe4 31. Rd1 Qxd5 32. Rxd4 cxd4 33. Qxe4 Qxe4+ 34. Rxe4 d3 35. Kf2 Kf7 36. b4 d5 37. Rd4 e5 38. fxe5 Ke6 39. Ke3 Kxe5 40. Kxd3 Rf8 41. Rf4 Ra8 42. b5 g5 43. Rb4 Kd6 44. Kd4 Re8 45. b6 Re4+ 46. Kc3 Re3+ 47. Kd2 Re8 48. b7 Rb8 49. a5 Kc5 50. Rb2 Kc6 51. a6 1-0

[Event "San Francisco TNM Fall op"]
[Site "San Francisco"]
[Date "2014.11.26"]
[Round "5"]
[White "Royzen, Igor"]
[Black "Sahin, Ozgur D"]
[Result "1-0"]
[WhiteElo "1857"]
[BlackElo "1969"]
[PlyCount "75"]
[EventDate "2014.10.21"]
[EventType "swiss"]
[EventRounds "8"]
[EventCountry "USA"]
[SourceTitle "EXT 2016"]
[Source "ChessBase"]
[SourceDate "2015.10.08"]
[SourceVersion "1"]
[SourceVersionDate "2015.10.08"]
[SourceQuality "1"]

1. d4 Nf6 2. Nf3 e6 3. e3 Be7 4. Bd3 0-0 5. Nbd2 d5 6. 0-0 c5 7. c3 Nc6 8. Qe2 b6 9. Ne5 Qc7 10. f4 g6 11. g4 Nd7 12. Ndf3 Ndxe5 13. fxe5 f6 14. exf6 Rxf6 15. Bd2 Bb7 16. Be1 Raf8 17. Bg3 Bd6 18. Bxd6 Qxd6 19. Bb5 Ne7 20. Ne5 Bc6 21. Rxf6 Rxf6 22. Rf1 Bxb5 23. Qxb5 Rxf1+ 24. Qxf1 Qd8 25. Qf7+ Kh8 26. Qf6+ Kg8 27. Qxe6+ Kg7 28. Qf7+ Kh8 29. Kg2 a6 30. Kg3 a5 31. dxc5 bxc5 32. Qxg6 Qc7 33. Qf6+ Kg8 34. Qe6+ Kh8 35. Kh3 Kg7 36. Qf7+ Kh6 37. Qf6+ Ng6 38. Nf7+ 1-0

[Event "San Francisco TNM Fall op"]
[Site "San Francisco"]
[Date "2014.11.18"]
[Round "4"]
[White "Sahin, Ozgur D"]
[Black "Stearman, Josiah P"]
[Result "0-1"]
[WhiteElo "1969"]
[BlackElo "2185"]
[PlyCount "112"]
[EventDate "2014.10.21"]
[EventType "swiss"]
[EventRounds "8"]
[EventCountry "USA"]
[SourceTitle "EXT 2016"]
[Source "ChessBase"]
[SourceDate "2015.10.08"]
[SourceVersion "1"]
[SourceVersionDate "2015.10.08"]
[SourceQuality "1"]

1. d4 Nf6 2. c4 g6 3. Nc3 Bg7 4. e4 d6 5. Be3 0-0 6. Nf3 Nbd7 7. Be2 e5 8. d5 Ng4 9. Bg5 f6 10. Bh4 g5 11. Bg3 Nh6 12. h4 g4 13. Nh2 f5 14. exf5 Nf6 15. Nxg4 Nxf5 16. Nxf6+ Qxf6 17. Ne4 Qe7 18. Bg4 Nxg3 19. Nxg3 Bxg4 20. Qxg4 Rf4 21. Nf5 Rxg4 22. Nxe7+ Kf7 23. Nf5 Rxc4 24. Ne3 Rd4 25. Rc1 Rc8 26. Rh3 Bf6 27. g4 Rf4 28. Ke2 c5 29. f3 b5 30. b3 Rd4 31. Rd1 c4 32. Nf5 Rxd1 33. Nxd6+ Kf8 34. Kxd1 Rd8 35. Ne4 Rxd5+ 36. Kc2 Be7 37. bxc4 bxc4 38. Kc3 Rd4 39. g5 a5 40. h5 Bb4+ 41. Kb2 Rd3 42. h6 Kf7 43. Rg3 Kg6 44. Kc2 Ra3 45. Kb1 Re3 46. Kc2 Re2+ 47. Kb1 c3 48. Rg1 a4 49. Rc1 Re3 50. Rf1 a3 51. Kc2 Re2+ 52. Kb3 Rb2+ 53. Kc4 c2 54. Nc3 Bxc3 55. Kxc3 Kxg5 56. Rf2 c1Q+ 0-1

[Event "San Francisco TNM Jay Whitehead op"]
[Site "San Francisco"]
[Date "2014.08.05"]
[Round "1"]
[White "Sahin, Ozgur D"]
[Black "Ross, David Y"]
[Result "0-1"]
[WhiteElo "1969"]
[BlackElo "1348"]
[PlyCount "62"]
[EventDate "2014.08.05"]
[EventType "swiss"]
[EventRounds "9"]
[EventCountry "USA"]
[SourceTitle "EXT 2016"]
[Source "ChessBase"]
[SourceDate "2015.10.08"]
[SourceVersion "1"]
[SourceVersionDate "2015.10.08"]
[SourceQuality "1"]

1. d4 Nf6 2. c4 c5 3. d5 b5 4. cxb5 a6 5. e3 g6 6. Nc3 Bg7 7. Nf3 d6 8. bxa6 Nxa6 9. Bb5+ Bd7 10. Bxd7+ Qxd7 11. 0-0 0-0 12. Bd2 Rfb8 13. Rb1 Nb4 14. a3 Nbxd5 15. Qc2 Rb6 16. Nxd5 Nxd5 17. e4 Nc7 18. Bc3 Qa4 19. Qxa4 Rxa4 20. Bxg7 Kxg7 21. Nd2 Rd4 22. Rfd1 Nb5 23. Rbc1 Ra4 24. Nc4 Rb7 25. f3 Nd4 26. Kf1 Ra8 27. Rb1 Rab8 28. Rd3 f6 29. Rd2 Kf7 30. Na5 Rb5 31. b4 Rxa5 0-1

[Event "San Francisco TNM Spring op"]
[Site "San Francisco"]
[Date "2014.04.22"]
[Round "6"]
[White "Sahin, Ozgur D"]
[Black "Thornally, Frank"]
[Result "1-0"]
[WhiteElo "1913"]
[BlackElo "2200"]
[PlyCount "69"]
[EventDate "2014.03.18"]
[EventType "swiss"]
[EventRounds "8"]
[EventCountry "USA"]
[SourceTitle "EXT 2016"]
[Source "ChessBase"]
[SourceDate "2015.10.08"]
[SourceVersion "1"]
[SourceVersionDate "2015.10.08"]
[SourceQuality "1"]

1. d4 Nf6 2. c4 e6 3. Nf3 d5 4. cxd5 exd5 5. Nc3 Bf5 6. Qb3 b6 7. Bg5 c6 8. e3 Be7 9. Be2 0-0 10. 0-0 Ne4 11. Bf4 Bd6 12. Bxd6 Qxd6 13. Nxe4 Bxe4 14. Rac1 Rc8 15. Rfd1 Nd7 16. Ng5 Bf5 17. g4 Qf6 18. Nh3 Qh4 19. gxf5 Qxh3 20. Rc3 Qxf5 21. f3 Rc7 22. Rf1 c5 23. e4 Qg5+ 24. Kh1 c4 25. Qc2 Nf6 26. f4 Qh4 27. exd5 b5 28. d6 Rd7 29. Qf5 g6 30. Qxb5 Rxd6 31. Qb7 Re8 32. Bxc4 Rd7 33. Qg2 Ne4 34. Rh3 Qf6 35. Bb5 1-0

[Event "San Francisco TNM Spring op"]
[Site "San Francisco"]
[Date "2014.03.25"]
[Round "2"]
[White "Cheng, Andrew Ys"]
[Black "Sahin, Ozgur D"]
[Result "0-1"]
[WhiteElo "1421"]
[BlackElo "1913"]
[PlyCount "44"]
[EventDate "2014.03.18"]
[EventType "swiss"]
[EventRounds "8"]
[EventCountry "USA"]
[SourceTitle "EXT 2016"]
[Source "ChessBase"]
[SourceDate "2015.10.08"]
[SourceVersion "1"]
[SourceVersionDate "2015.10.08"]
[SourceQuality "1"]

1. c4 e5 2. Nc3 Nf6 3. d3 Bb4 4. Bd2 0-0 5. Nf3 d6 6. e4 Nc6 7. Be2 Bg4 8. Nd5 Bxd2+ 9. Qxd2 Bxf3 10. Bxf3 Nxd5 11. exd5 Nd4 12. 0-0-0 Qd7 13. b3 a5 14. Kb2 Rfb8 15. a4 Ra6 16. Rc1 Rb6 17. Rc3 Qxa4 18. Bd1 Qb4 19. Ka2 a4 20. bxa4 Qb1+ 21. Ka3 Qa1+ 22. Qa2 Qxc3+ 0-1